50 Tubes français de 1969 à 2018 - Statistiques

Statistiques générales
  • Ce quiz a été pris 473 fois
  • Le résultat moyen est 31 sur 50
Statistiques - réponses
Interprètes Année Chanson % Correct
Céline Dion 1995 Pour que tu m'aimes encore
91%
Vanessa Paradis 1987 Joe le taxi
91%
Francis Cabrel 1979 Je l'aime à mourir
88%
Marc Lavoine 1985 Elle a les yeux revolver
87%
Indochine 1983 L'aventurier
86%
Florent Pagny 2003 Ma liberté de penser
85%
Michel Sardou 1973 La maladie d'amour
84%
Mylène Farmer 1991 Désenchantée
83%
Jenifer 2002 Au soleil
82%
Pascal Obispo 1997 Lucie
82%
Raphaël 2005 Caravane
80%
Mika 2011 Elle me dit
79%
Aya Nakamura 2018 Djadja
78%
Joe Dassin 1970 L'Amérique
78%
Laurent Voulzy 1977 Rockcollection
78%
Black M 2014 Sur ma route
77%
Manau 1998 La tribu de Dana
75%
Christophe Willem 2007 Double je
74%
K-Maro 2004 Femme like U
72%
Fréro Delavega 2015 Le chant des sirènes
71%
Michel Delpech 1971 Pour un flirt
69%
Mozart, Opéra Rock 2009 L'assasymphonie
68%
Yannick 2000 Ces soirées là
68%
Annie Cordy 1974 La bonne du curé
67%
Shy'm 2012 Et alors
67%
Cookie Dingler 1984 Femme libérée
65%
Zebda 1999 Tomber la chemise
65%
Pierre Bachelet 1982 Les corons
64%
Thierry Hazard 1990 Le jerk
63%
Calogero 2017 Je joue de la musique
62%
Claudio Capéo 2016 Un homme debout
61%
Début de Soirée 1988 Nuit de folie
60%
Images 1986 Les démons de minuit
60%
France Gall 1978 Viens je t'emmène
57%
Zaz 2013 On ira
56%
René la Taupe 2010 Mignon Mignon
54%
Il Etait Une Fois 1975 J'ai encore rêvé d'elle
49%
Herbert Léonard 1981 Pour le plaisir
46%
Boris 1996 Soirée disco
43%
William Baldé 2008 Rayon de soleil
42%
Pow Wow 1992 Le chat
41%
François Feldman & Joniece Jamison 1989 Joue pas
40%
C. Jérôme 1972 Kiss me
36%
Michel Polnareff 1969 Tous les bateaux, tous les oiseaux
35%
Tribal King 2006 Façon sex
32%
Gérard Lenorman 1976 Gentil dauphin triste
28%
Billy Ze Kick & les Gamins en Folie 1994 Mangez moi
21%
Natasha St-Pier 2001 Je n'ai que mon âme
20%
Jairo 1980 Les jardins du ciel
15%
Regg'Lyss 1993 Mets de l'huile
12%
Aucun quiz correspondant
Distribution des résultats
% des personnes avec chaque résultat
Percentile par nombre de réponses
Votre historique - résultats
Vous n’avez pas pris ce quiz